[Event "ISL-chT Kvika 2324"]
[Site "Reykjavik"]
[Date "2023.10.14"]
[Round "3.3"]
[White "Thorhallsson, Throstur"]
[Black "Kristinsson, Baldur"]
[Result "1/2-1/2"]
[WhiteElo "2390"]
[BlackElo "2166"]
[PlyCount "83"]
[EventDate "2023.10.12"]
[EventType "team-tourn"]
[EventRounds "10"]
[EventCountry "ISL"]
[SourceTitle "Mega2024 Update 01"]
[Source "Chessbase"]
[SourceDate "2023.11.12"]
[SourceVersion "1"]
[SourceVersionDate "2023.11.12"]
[SourceQuality "1"]
[WhiteTeam "Taflfelag Reykjavikur"]
[BlackTeam "Taflfelag Gardjabaejar"]
[WhiteTeamCountry "ISL"]
[BlackTeamCountry "ISL"]

1. e4 c5 2. Nf3 e6 3. d4 cxd4 4. Nxd4 a6 5. Nc3 Qc7 6. Bd3 Nf6 7. Qe2 d6 8. Be3 Nbd7 9. 0-0-0 b5 10. a3 Bb7 11. Kb1 Rc8 12. f4 Be7 13. Bc1 Nb6 14. Rhf1 0-0 15. Rf3 Nc4 16. Rg3 Rfd8 17. b3 Qb6 18. Nf3 Nxa3+ 19. Bxa3 Rxc3 20. Bb2 b4 21. Nd2 d5 22. e5 Ne4 23. Bxe4 Rxg3 24. Bxh7+ Kxh7 25. hxg3 Rh8 26. g4 Kg8 27. Nf3 a5 28. f5 Ba6 29. Qd2 a4 30. f6 Bf8 31. fxg7 Bxg7 32. Bd4 Qb5 33. Qg5 axb3 34. Qd8+ Bf8 35. Qg5+ Bg7 36. cxb3 Rh6 37. Rc1 Qd3+ 38. Kb2 Bc4 39. bxc4 Qa3+ 40. Kc2 dxc4 41. Qd8+ Bf8 42. Qg5+ 1/2-1/2

[Event "ISL-chT Kvika 2324"]
[Site "Reykjavik"]
[Date "2023.10.12"]
[Round "1.2"]
[White "Sammalvuo, Tapani"]
[Black "Kristinsson, Baldur"]
[Result "1-0"]
[WhiteElo "2386"]
[BlackElo "2166"]
[PlyCount "70"]
[EventDate "2023.10.12"]
[EventType "team-tourn"]
[EventRounds "10"]
[EventCountry "ISL"]
[SourceTitle "Mega2024 Update 01"]
[Source "Chessbase"]
[SourceDate "2023.11.12"]
[SourceVersion "1"]
[SourceVersionDate "2023.11.12"]
[SourceQuality "1"]
[WhiteTeam "Vikingaklubburinn"]
[BlackTeam "Taflfelag Gardjabaejar"]
[WhiteTeamCountry "ISL"]
[BlackTeamCountry "ISL"]

1. d4 Nf6 2. c4 e6 3. Nf3 c5 4. d5 exd5 5. cxd5 d6 6. Nc3 g6 7. h3 Bg7 8. e4 0-0 9. Bd3 Na6 10. 0-0 Nc7 11. Re1 Rb8 12. a4 b6 13. Bf4 a6 14. Rb1 b5 15. axb5 axb5 16. b4 Nd7 17. Qd2 cxb4 18. Rxb4 Nc5 19. Bc2 N7a6 20. Rd4 b4 21. Ne2 b3 22. Bb1 b2 23. Rc4 Nb3 24. Qc2 Nac5 25. Ned4 Nxd4 26. Nxd4 Ba6 27. Nc6 Bxc4 28. Nxd8 Bd3 29. Qd2 Bxb1 30. Rxb1 Rfxd8 31. Qc2 Rb4 32. Bxd6 Rxd6 33. Qxc5 Rdb6 34. d6 Rb8 35. d7 Bf6 1-0

[Event "ISL-chT1 1920"]
[Site "Reykjavik"]
[Date "2021.05.15"]
[Round "7.3"]
[White "Lagerman, Robert"]
[Black "Kristinsson, Baldur"]
[Result "1/2-1/2"]
[WhiteElo "2296"]
[BlackElo "2191"]
[PlyCount "52"]
[EventDate "2019.10.03"]
[EventType "team-tourn"]
[EventRounds "9"]
[EventCountry "ISL"]
[SourceTitle "EXT 2022"]
[Source "ChessBase"]
[SourceDate "2021.10.06"]
[SourceVersion "1"]
[SourceVersionDate "2021.10.06"]
[SourceQuality "1"]
[WhiteTeam "Skakfelag Selfoss"]
[BlackTeam "Skakfelagidj Huginn"]
[WhiteTeamCountry "ISL"]
[BlackTeamCountry "ISL"]

1. e4 c5 2. Nf3 e6 3. d4 cxd4 4. Nxd4 a6 5. c4 Nf6 6. Nc3 Qc7 7. Bd3 d6 8. Be3 Be7 9. Rc1 Nbd7 10. 0-0 0-0 11. Kh1 Re8 12. f4 b6 13. b4 Bb7 14. Qf3 Rac8 15. Nb3 Qb8 16. Qh3 Qa8 17. Nd2 Bf8 18. Bg1 g6 19. Qe3 Bh6 20. Qe2 d5 21. Bd4 dxe4 22. Ncxe4 Nxe4 23. Bxe4 e5 24. Bxb7 Qxb7 25. fxe5 Nxe5 26. Bxe5 Bxd2 1/2-1/2

[Event "ISL-chT1 1920"]
[Site "Reykjavik"]
[Date "2019.10.05"]
[Round "3.1"]
[White "Kristinsson, Baldur"]
[Black "Johannesson, Oliver Aron"]
[Result "1/2-1/2"]
[WhiteElo "2231"]
[BlackElo "2269"]
[PlyCount "35"]
[EventDate "2019.10.03"]
[EventType "team-tourn"]
[EventRounds "9"]
[EventCountry "ISL"]
[SourceTitle "CBM 195 Extra"]
[Source "ChessBase"]
[SourceDate "2020.05.31"]
[SourceVersion "1"]
[SourceVersionDate "2020.05.31"]
[SourceQuality "1"]
[WhiteTeam "Skakfelagidj Huginn"]
[BlackTeam "Skakdeild Fjolnis"]
[WhiteTeamCountry "ISL"]
[BlackTeamCountry "ISL"]

1. Nf3 d5 2. d4 Nf6 3. c4 c6 4. Nc3 dxc4 5. a4 Bf5 6. e3 e6 7. Bxc4 Bb4 8. 0-0 0-0 9. Qe2 Bg6 10. Rd1 Nbd7 11. Bd2 a5 12. Be1 Qe7 13. Rac1 e5 14. dxe5 Nxe5 15. Nxe5 Qxe5 16. f3 Bc5 17. Bf2 Rfe8 18. e4 1/2-1/2

[Event "ISL-chT1 1920"]
[Site "Reykjavik"]
[Date "2019.10.05"]
[Round "4.5"]
[White "Kristinsson, Baldur"]
[Black "Sigurpalsson, Runar"]
[Result "0-1"]
[WhiteElo "2231"]
[BlackElo "2273"]
[PlyCount "82"]
[EventDate "2019.10.03"]
[EventType "team-tourn"]
[EventRounds "9"]
[EventCountry "ISL"]
[SourceTitle "CBM 195 Extra"]
[Source "ChessBase"]
[SourceDate "2020.05.31"]
[SourceVersion "1"]
[SourceVersionDate "2020.05.31"]
[SourceQuality "1"]
[WhiteTeam "Skakfelagidj Huginn"]
[BlackTeam "Skakfelag Akureyrar"]
[WhiteTeamCountry "ISL"]
[BlackTeamCountry "ISL"]

1. d4 Nf6 2. Nf3 g6 3. c4 Bg7 4. g3 0-0 5. Bg2 d6 6. Nc3 Nc6 7. 0-0 Bg4 8. h3 Bxf3 9. exf3 d5 10. cxd5 Nxd5 11. f4 e6 12. Nxd5 exd5 13. Be3 Qd6 14. Rc1 Rfd8 15. Rc5 Ne7 16. f5 Nxf5 17. Rxd5 Nxe3 18. Rxd6 Nxd1 19. Rxd8+ Rxd8 20. Rxd1 Bxd4 21. Kf1 c6 22. b4 Kf8 23. a4 a6 24. b5 axb5 25. axb5 cxb5 26. Rb1 b6 27. Rxb5 Rc8 28. Be4 f5 29. Rd5 Rc1+ 30. Ke2 Bxf2 31. Bxf5 Bxg3 32. Be4 Ke7 33. Rb5 Re1+ 34. Kf3 Bc7 35. Rb1 Rxb1 36. Bxb1 Kf6 37. h4 h6 38. Bd3 g5 39. Kg4 Bd8 40. Kh5 Ke5 41. Kxh6 gxh4 0-1

[Event "ISL-chT1 1920"]
[Site "Reykjavik"]
[Date "2019.10.03"]
[Round "1.2"]
[White "Johannsson, Birkir Isak"]
[Black "Kristinsson, Baldur"]
[Result "0-1"]
[WhiteElo "2069"]
[BlackElo "2231"]
[PlyCount "72"]
[EventDate "2019.10.03"]
[EventType "team-tourn"]
[EventRounds "9"]
[EventCountry "ISL"]
[SourceTitle "CBM 195 Extra"]
[Source "ChessBase"]
[SourceDate "2020.05.31"]
[SourceVersion "1"]
[SourceVersionDate "2020.05.31"]
[SourceQuality "1"]
[WhiteTeam "Breidjablik Bolungarvik"]
[BlackTeam "Skakfelagidj Huginn"]
[WhiteTeamCountry "ISL"]
[BlackTeamCountry "ISL"]

1. Nf3 Nf6 2. c4 g6 3. Nc3 Bg7 4. e4 d6 5. d4 0-0 6. h3 c5 7. d5 e6 8. Bd3 exd5 9. cxd5 Na6 10. 0-0 Nc7 11. Re1 Rb8 12. a4 b6 13. Bf4 a6 14. Rb1 b5 15. axb5 axb5 16. b4 Nh5 17. Bg5 Qd7 18. Qd2 c4 19. Bc2 Bb7 20. Nd4 Ra8 21. Ra1 Rfe8 22. Be3 Rf8 23. g4 Nf6 24. f3 h5 25. g5 Nh7 26. Kh2 Be5+ 27. Kg2 Bc8 28. Rh1 Rxa1 29. Rxa1 Qxh3+ 30. Kg1 Nxg5 31. Bxg5 Qg3+ 32. Kh1 Bxd4 33. Qxd4 Qxf3+ 34. Kh2 Qh3+ 35. Kg1 Qg3+ 36. Kh1 Qxg5 0-1

[Event "ISL-chT1 1819"]
[Site "Reykjavik"]
[Date "2019.03.02"]
[Round "9.5"]
[White "Kristinsson, Baldur"]
[Black "Bromann, Thorbjorn"]
[Result "0-1"]
[WhiteElo "2214"]
[BlackElo "2395"]
[PlyCount "40"]
[EventDate "2018.11.08"]
[EventType "team-tourn"]
[EventRounds "9"]
[EventCountry "ISL"]
[SourceTitle "CBM 189 Extra"]
[Source "ChessBase"]
[SourceDate "2019.06.03"]
[SourceVersion "1"]
[SourceVersionDate "2019.06.03"]
[SourceQuality "1"]
[WhiteTeam "Skakfelagidj Huginn II"]
[BlackTeam "Skakfelag Akureyrar"]
[WhiteTeamCountry "ISL"]
[BlackTeamCountry "ISL"]

1. Nf3 g6 2. g3 Bg7 3. Bg2 e5 4. d3 d5 5. c4 c6 6. Nbd2 Ne7 7. 0-0 h6 8. Qc2 Be6 9. Rb1 a5 10. b3 0-0 11. a3 b5 12. e4 d4 13. Nh4 g5 14. f4 bxc4 15. bxc4 exf4 16. gxf4 gxh4 17. f5 h3 18. Bh1 Nxf5 19. exf5 Qg5+ 20. Kf2 Qe3# 0-1

[Event "ISL-chT1 1819"]
[Site "Reykjavik"]
[Date "2019.03.01"]
[Round "7.5"]
[White "Nagy, Gabor"]
[Black "Kristinsson, Baldur"]
[Result "1-0"]
[WhiteElo "2464"]
[BlackElo "2214"]
[PlyCount "127"]
[EventDate "2018.11.08"]
[EventType "team-tourn"]
[EventRounds "9"]
[EventCountry "ISL"]
[SourceTitle "CBM 189 Extra"]
[Source "ChessBase"]
[SourceDate "2019.06.03"]
[SourceVersion "1"]
[SourceVersionDate "2019.06.03"]
[SourceQuality "1"]
[WhiteTeam "Taflfelag Gardjabaejar"]
[BlackTeam "Skakfelagidj Huginn"]
[WhiteTeamCountry "ISL"]
[BlackTeamCountry "ISL"]

1. c4 Nf6 2. Nc3 g6 3. g3 Bg7 4. Bg2 0-0 5. e4 d6 6. Nge2 c5 7. 0-0 Nc6 8. d3 Bd7 9. h3 a6 10. a4 Ne8 11. Be3 Nd4 12. Rb1 b5 13. cxb5 axb5 14. axb5 Nxb5 15. Nxb5 Bxb5 16. b4 cxb4 17. Rxb4 Qa5 18. Rb1 Qa6 19. e5 Bxd3 20. Rb6 Qc4 21. Bxa8 Bxe2 22. Bd5 Bxd1 23. Bxc4 Bf3 24. e6 f5 25. Rc1 Nf6 26. Rxd6 exd6 27. e7+ d5 28. exf8Q+ Kxf8 29. Bb3 Nd7 30. Rc7 Ne5 31. Bc5+ Kg8 32. Bd4 Bf6 33. Bxe5 Bxe5 34. Rd7 Bf6 35. Kf1 h5 36. Bxd5+ Bxd5 37. Rxd5 Kf7 38. Rd6 Be5 39. Ra6 Bf6 40. Ke2 Bd4 41. Ra2 Kf6 42. Kd3 Be5 43. Ra6+ Kf7 44. Kc4 Bf6 45. Kd5 Bc3 46. Ra2 Ke7 47. Rc2 Ba1 48. Re2+ Kf7 49. Kd6 Bc3 50. Kd7 Bd4 51. f4 Bc5 52. Kc6 Bd4 53. Kd6 Bc3 54. Re7+ Kf6 55. Kd7 Bd4 56. Ke8 Bf2 57. Rf7+ Ke6 58. Rb7 Bxg3 59. Rb6+ Kd5 60. Rb4 Bxf4 61. Rxf4 Ke5 62. Rf1 g5 63. Kf7 g4 64. Kg6 1-0

[Event "ISL-chT1 1819"]
[Site "Reykjavik"]
[Date "2018.11.08"]
[Round "1.2"]
[White "Kristinsson, Baldur"]
[Black "Carlsson, Pontus"]
[Result "0-1"]
[WhiteElo "2214"]
[BlackElo "2454"]
[PlyCount "76"]
[EventDate "2018.11.08"]
[EventType "team-tourn"]
[EventRounds "9"]
[EventCountry "ISL"]
[SourceTitle "CBM 187 Extra"]
[Source "ChessBase"]
[SourceDate "2018.11.04"]
[SourceVersion "1"]
[SourceVersionDate "2018.11.04"]
[SourceQuality "1"]
[WhiteTeam "Skakfelagidj Huginn II"]
[BlackTeam "Skakdeild Fjolnis"]
[WhiteTeamCountry "ISL"]
[BlackTeamCountry "ISL"]

1. d4 Nf6 2. c4 e6 3. Nf3 b6 4. g3 Ba6 5. b3 Bb4+ 6. Bd2 Be7 7. Bg2 c6 8. 0-0 d5 9. Bc3 0-0 10. Nbd2 Nbd7 11. Re1 c5 12. cxd5 Nxd5 13. Bb2 Rc8 14. a3 Bb7 15. Rc1 b5 16. dxc5 Nxc5 17. Nd4 Qb6 18. Ne4 Ne3 19. fxe3 Nxe4 20. Qd3 Nd6 21. Rxc8 Rxc8 22. Rc1 Rxc1+ 23. Bxc1 Bxg2 24. Kxg2 e5 25. Nc2 Qc6+ 26. Kg1 Ne4 27. Bb2 Ng5 28. e4 Nxe4 29. Bxe5 Ng5 30. h4 Nh3+ 31. Kh2 Nf2 32. Qf3 Qxc2 33. Qxf2 Bxa3 34. Qxa7 Qxe2+ 35. Kh3 Bf8 36. Qd4 Qc2 37. Qd5 b4 38. Bd6 Qc8+ 0-1

[Event "Reykjavik Icelandic op"]
[Site "Reykjavik"]
[Date "2018.06.09"]
[Round "10"]
[White "Briem, Benedikt"]
[Black "Kristinsson, Baldur"]
[Result "0-1"]
[WhiteElo "1624"]
[BlackElo "2219"]
[PlyCount "54"]
[EventDate "2018.06.01"]
[EventType "swiss"]
[EventRounds "10"]
[EventCountry "ISL"]
[SourceTitle "CBM 184 Extra"]
[Source "ChessBase"]
[SourceDate "2018.06.28"]
[SourceVersion "1"]
[SourceVersionDate "2018.06.28"]
[SourceQuality "1"]

1. d4 Nf6 2. c4 g6 3. Nc3 Bg7 4. e4 0-0 5. Be2 d6 6. Be3 c5 7. g4 cxd4 8. Bxd4 Qa5 9. f3 Nc6 10. Be3 Be6 11. Kf2 Nd7 12. Rb1 f5 13. gxf5 gxf5 14. f4 Nf6 15. Bf3 fxe4 16. Nxe4 Bf5 17. Nxf6+ Bxf6 18. Ne2 Qxa2 19. Rc1 Qxb2 20. Rg1+ Kh8 21. Kf1 e5 22. fxe5 Bxe5 23. Ke1 Nb4 24. Rc3 Bxc3+ 25. Nxc3 Qxc3+ 26. Qd2 Nc2+ 27. Kf2 Qxe3+ 0-1

[Event "Reykjavik Icelandic op"]
[Site "Reykjavik"]
[Date "2018.06.02"]
[Round "3"]
[White "Stefansson, Hannes"]
[Black "Kristinsson, Baldur"]
[Result "1-0"]
[WhiteElo "2541"]
[BlackElo "2219"]
[PlyCount "115"]
[EventDate "2018.06.01"]
[EventType "swiss"]
[EventRounds "10"]
[EventCountry "ISL"]
[SourceTitle "CBM 184 Extra"]
[Source "ChessBase"]
[SourceDate "2018.06.28"]
[SourceVersion "1"]
[SourceVersionDate "2018.06.28"]
[SourceQuality "1"]

1. e4 c5 2. Nf3 e6 3. d4 cxd4 4. Nxd4 Nc6 5. Nc3 Qc7 6. Be3 a6 7. Qf3 Nf6 8. 0-0-0 d6 9. Qg3 Nxd4 10. Bxd4 e5 11. Be3 Be6 12. f4 Rc8 13. Bd3 Nh5 14. Qg5 Nxf4 15. Bxf4 exf4 16. Nd5 Qd8 17. Qxf4 Bxd5 18. exd5 Be7 19. Qe4 Kf8 20. Rdf1 Bf6 21. Rf5 g6 22. Rf3 Rc7 23. h4 Qe7 24. Qb4 Be5 25. Kb1 Kg7 26. h5 h6 27. hxg6 fxg6 28. Qg4 Qg5 29. Qxg5 hxg5 30. Rxh8 Kxh8 31. Bxg6 g4 32. Rf1 Kg7 33. Bh5 Rc4 34. c3 Kh6 35. Rh1 Kg5 36. Be8 Kf4 37. Re1 b5 38. Bd7 b4 39. cxb4 Rxb4 40. Re2 Kg3 41. a3 Rd4 42. Be6 Kh2 43. b4 a5 44. b5 a4 45. b6 Rd3 46. Ka2 Rb3 47. Bxg4 Rxb6 48. Bd7 Ra6 49. g4+ Kg3 50. Re4 Rb6 51. Rb4 Rxb4 52. axb4 Kf4 53. Ka3 Ke4 54. Be6 Kd4 55. g5 Kc4 56. Kxa4 Bc3 57. g6 Bf6 58. b5 1-0

[Event "ISL-chT 1718"]
[Site "Reykjavik"]
[Date "2018.03.03"]
[Round "9.3"]
[White "Heimisson, Hilmir Freyr"]
[Black "Kristinsson, Baldur"]
[Result "0-1"]
[WhiteElo "2185"]
[BlackElo "2185"]
[PlyCount "122"]
[EventDate "2017.10.19"]
[EventType "team-tourn"]
[EventRounds "9"]
[EventCountry "ISL"]
[SourceTitle "EXT 2019"]
[Source "ChessBase"]
[SourceDate "2018.10.10"]
[SourceVersion "1"]
[SourceVersionDate "2018.10.10"]
[SourceQuality "1"]
[WhiteTeam "Reykjavik Taflfelag"]
[BlackTeam "Huginn II"]
[WhiteTeamCountry "ISL"]
[BlackTeamCountry "ISL"]

1. d4 Nf6 2. Bf4 g6 3. e3 Bg7 4. h3 c5 5. Nf3 Qb6 6. Na3 Qxb2 7. Nb5 Nd5 8. Rb1 Qxa2 9. Ra1 Qb2 10. Bc4 Nc3 11. Nc7+ Kd8 12. Qc1 Qb4 13. Nd2 e5 14. Nxa8 exf4 15. Qa3 d5 16. Bd3 Nc6 17. Qxb4 cxb4 18. 0-0 b6 19. Nb1 Bb7 20. Nxc3 bxc3 21. Nxb6 axb6 22. Rfb1 Kc7 23. Ra3 Ra8 24. Rxc3 Ba6 25. Bxa6 Rxa6 26. g3 fxg3 27. fxg3 Kb7 28. Kg2 Bf8 29. Rf1 Nd8 30. Rb1 Ra3 31. Rxa3 Bxa3 32. Kf3 Bd6 33. g4 Ne6 34. h4 Ng7 35. e4 dxe4+ 36. Kxe4 h5 37. Kd5 Bg3 38. gxh5 Nxh5 39. Rf1 f5 40. Ke6 Bxh4 41. c4 Ng3 42. Rb1 Kc7 43. d5 f4 44. Ra1 f3 45. Ra7+ Kb8 46. Ra2 Nf5 47. Kd7 f2 48. Ra1 Ne3 49. Kc6 f1Q 50. Rxf1 Nxf1 51. Kxb6 Ne3 52. Kc5 Kc7 53. Kd4 Nf5+ 54. Ke5 Be7 55. Ke6 Kd8 56. Kf7 g5 57. Kg6 g4 58. Kxf5 g3 59. Ke6 g2 60. d6 Bxd6 61. Kxd6 g1Q 0-1

[Event "ISL-chT 1617"]
[Site "Reykjavik"]
[Date "2016.10.01"]
[Round "3.5"]
[White "Viglundsson, Bjorgvin"]
[Black "Kristinsson, Baldur"]
[Result "1/2-1/2"]
[WhiteElo "2185"]
[BlackElo "2180"]
[PlyCount "84"]
[EventDate "2016.09.29"]
[EventType "team-tourn"]
[EventRounds "9"]
[EventCountry "ISL"]
[SourceTitle "EXT 2018"]
[Source "ChessBase"]
[SourceDate "2017.10.13"]
[SourceVersion "1"]
[SourceVersionDate "2017.10.13"]
[SourceQuality "1"]
[WhiteTeam "Reykjavik"]
[BlackTeam "Huginn II"]
[WhiteTeamCountry "ISL"]
[BlackTeamCountry "ISL"]

1. d4 Nf6 2. c4 g6 3. Nc3 Bg7 4. e4 0-0 5. Nf3 d6 6. Be2 c5 7. d5 e6 8. Nd2 Na6 9. 0-0 Nc7 10. Re1 Rb8 11. a4 e5 12. Nf1 Nfe8 13. g4 Qh4 14. Nb5 Nxb5 15. axb5 Nf6 16. f3 h5 17. Ng3 hxg4 18. f4 Nh5 19. Nxh5 gxh5 20. Ra3 f5 21. Bf1 fxe4 22. Rxe4 Bf5 23. Qe1 Qxe1 24. Rxe1 exf4 25. Bxf4 Bxb2 26. Rxa7 Bd4+ 27. Kg2 Rbe8 28. Rxe8 Rxe8 29. Kg3 Re1 30. Bg2 Rg1 31. Bxd6 Be4 32. Kf4 Bxg2 33. Rxb7 Bf1 34. Be7 Bxc4 35. d6 Be6 36. d7 Bxd7 37. Rxd7 Rb1 38. Rb7 c4 39. Kf5 Re1 40. Rd7 Re5+ 41. Kg6 Re6+ 42. Kf5 Re5+ 1/2-1/2

[Event "ISL-chT 1617"]
[Site "Reykjavik"]
[Date "2016.09.30"]
[Round "2.1"]
[White "Thorhallsson, Throstur"]
[Black "Kristinsson, Baldur"]
[Result "1-0"]
[WhiteElo "2411"]
[BlackElo "2180"]
[PlyCount "109"]
[EventDate "2016.09.29"]
[EventType "team-tourn"]
[EventRounds "9"]
[EventCountry "ISL"]
[SourceTitle "EXT 2018"]
[Source "ChessBase"]
[SourceDate "2017.10.13"]
[SourceVersion "1"]
[SourceVersionDate "2017.10.13"]
[SourceQuality "1"]
[WhiteTeam "Huginn"]
[BlackTeam "Huginn II"]
[WhiteTeamCountry "ISL"]
[BlackTeamCountry "ISL"]

1. e4 c5 2. Nf3 e6 3. d4 cxd4 4. Nxd4 Nc6 5. Nc3 a6 6. Be3 Nge7 7. Nb3 Ng6 8. g3 b5 9. Bg2 Qc7 10. 0-0 d6 11. f4 Be7 12. Ne2 0-0 13. Qe1 Bf6 14. c3 Bb7 15. Qf2 Rfe8 16. Bb6 Qe7 17. Rad1 a5 18. h4 e5 19. f5 Nf8 20. Rd2 a4 21. Nbc1 Ra6 22. Rfd1 Rc8 23. Kh2 Nd7 24. Be3 Na5 25. b3 axb3 26. axb3 h6 27. Kh3 Kh7 28. g4 g5 29. fxg6+ fxg6 30. g5 hxg5 31. hxg5 Rh8 32. Kh2 Kg7+ 33. Kg1 Bxg5 34. Bxg5 Qxg5 35. Rxd6 Rxd6 36. Rxd6 Nf6 37. Qg3 Rh5 38. Kf1 Bxe4 39. Qxg5 Rxg5 40. Bxe4 Nxe4 41. Rb6 Nd2+ 42. Ke1 Nf3+ 43. Kf2 e4 44. Ke3 Re5 45. Nd4 Nxd4 46. cxd4 Re7 47. Rxb5 Nb7 48. Rb6 g5 49. Ne2 g4 50. Ng3 Rf7 51. Kxe4 Nd8 52. Nf5+ Kf8 53. Rh6 Kg8 54. Rd6 Nb7 55. Nh6+ 1-0

[Event "ISL-chT 1516"]
[Site "Reykjavik"]
[Date "2015.09.24"]
[Round "1.4"]
[White "Arnalds, Stefan"]
[Black "Kristinsson, Baldur"]
[Result "0-1"]
[WhiteElo "1990"]
[BlackElo "2166"]
[PlyCount "42"]
[EventDate "2015.09.24"]
[EventType "team-tourn"]
[EventRounds "9"]
[EventCountry "ISL"]
[SourceTitle "EXT 2017"]
[Source "ChessBase"]
[SourceDate "2016.10.25"]
[SourceVersion "1"]
[SourceVersionDate "2016.10.25"]
[SourceQuality "1"]
[WhiteTeam "Bolungarvik"]
[BlackTeam "Huginn II"]
[WhiteTeamCountry "ISL"]
[BlackTeamCountry "ISL"]

1. d4 Nf6 2. c4 g6 3. Nc3 Bg7 4. e4 d6 5. f3 0-0 6. Be3 Nc6 7. Qd2 Re8 8. g4 e5 9. d5 Nd4 10. h4 c5 11. h5 a6 12. hxg6 fxg6 13. Bg5 Bd7 14. Nce2 b5 15. Nxd4 cxd4 16. Qh2 Re7 17. Qh4 Rf7 18. Ne2 bxc4 19. Ng3 Qb6 20. Bxf6 Bxf6 21. g5 Qb4+ 0-1

[Event "ISL-chT 1213"]
[Site "Reykjavik"]
[Date "2013.03.02"]
[Round "6.6"]
[White "Thorsteins, Karl"]
[Black "Kristinsson, Baldur"]
[Result "1-0"]
[WhiteElo "2461"]
[BlackElo "2163"]
[PlyCount "73"]
[EventDate "2012.10.05"]
[EventType "team-tourn"]
[EventRounds "7"]
[EventCountry "ISL"]
[SourceTitle "EXT 2014"]
[Source "ChessBase"]
[SourceDate "2013.11.20"]
[SourceVersion "1"]
[SourceVersionDate "2013.11.20"]
[SourceQuality "1"]
[WhiteTeam "Taflfelag Reykjavikur"]
[BlackTeam "Hellir"]
[WhiteTeamCountry "ISL"]
[BlackTeamCountry "ISL"]

1. d4 Nf6 2. c4 g6 3. Nc3 Bg7 4. e4 0-0 5. Be2 d6 6. Bg5 h6 7. Be3 c5 8. e5 dxe5 9. dxe5 Qxd1+ 10. Rxd1 Nfd7 11. f4 Re8 12. Nf3 f6 13. exf6 exf6 14. Kf2 f5 15. Rd6 Nf6 16. Ne5 g5 17. Rhd1 Be6 18. Bf3 Nc6 19. Nxc6 g4 20. Nd8 gxf3 21. Nxe6 Ng4+ 22. Kxf3 Bf8 23. Bg1 Bxd6 24. Rxd6 Kf7 25. Nc7 Red8 26. Rxd8 Rxd8 27. N7d5 b6 28. h3 Nf6 29. Nxf6 Kxf6 30. Nd5+ Kf7 31. g4 b5 32. b3 bxc4 33. bxc4 Rb8 34. gxf5 Rb2 35. Bxc5 Rxa2 36. Bd4 Rh2 37. c5 1-0

[Event "ISL-chT2 1011"]
[Site "Reykjavik"]
[Date "2011.03.05"]
[Round "7.3"]
[White "Sigurmundsson, Ulfhedinn"]
[Black "Kristinsson, Baldur"]
[Result "1/2-1/2"]
[WhiteElo "1785"]
[BlackElo "2149"]
[PlyCount "51"]
[EventDate "2010.10.08"]
[EventType "team"]
[EventRounds "7"]
[EventCountry "ISL"]
[SourceTitle "EXT 2014"]
[Source "ChessBase"]
[SourceDate "2013.11.20"]
[SourceVersion "1"]
[SourceVersionDate "2013.11.20"]
[SourceQuality "1"]

1. e4 c5 2. Nf3 Nc6 3. d4 cxd4 4. Nxd4 e6 5. Nc3 a6 6. Be3 Nge7 7. f4 Nxd4 8. Qxd4 b5 9. 0-0-0 Nc6 10. Qd2 Bb4 11. Kb1 Qa5 12. Be2 0-0 13. g4 Rd8 14. Bf3 Qc7 15. e5 d5 16. exd6 Rxd6 17. Qf2 Bb7 18. Ne4 Rxd1+ 19. Rxd1 Rd8 20. Rxd8+ Qxd8 21. Nc5 Bxc5 22. Bxc5 Qd7 23. Kc1 Nb8 24. Qg2 Bxf3 25. Qxf3 Nc6 26. Qd3 1/2-1/2

[Event "ISL-chT 0910"]
[Site "Reykjavik"]
[Date "2010.03.05"]
[Round "5"]
[White "Hreinsson, Hlidar Thor"]
[Black "Kristinsson, Baldur"]
[Result "1/2-1/2"]
[WhiteElo "2276"]
[BlackElo "2166"]
[PlyCount "40"]
[EventDate "2009.09.25"]
[EventType "team-tourn"]
[EventRounds "7"]
[EventCountry "ISL"]
[SourceTitle "EXT 2011"]
[Source "ChessBase"]
[SourceDate "2010.11.26"]
[SourceVersion "1"]
[SourceVersionDate "2010.11.26"]
[SourceQuality "1"]

1. e4 c5 2. Nf3 Nc6 3. Be2 d6 4. 0-0 Nf6 5. d3 g6 6. c3 Bg7 7. h3 0-0 8. Be3 c4 9. d4 Nxe4 10. d5 Na5 11. Na3 b5 12. Nxb5 Rb8 13. Nfd4 a6 14. Qc2 Nf6 15. Na7 Nxd5 16. Nac6 Nxc6 17. Nxc6 Nxe3 18. fxe3 Qb6 19. Nxb8 Qxe3+ 20. Kh1 Bb7 1/2-1/2

[Event "ISL-chT 0405"]
[Site "Reykjavik"]
[Date "2004.11.21"]
[Round "4"]
[White "Kristinsson, Baldur"]
[Black "Kjartansson, David"]
[Result "0-1"]
[WhiteElo "2173"]
[BlackElo "2279"]
[PlyCount "77"]
[EventDate "2004.11.19"]
[EventType "team"]
[EventRounds "7"]
[EventCountry "ISL"]
[SourceTitle "EXT 2006"]
[Source "ChessBase"]
[SourceDate "2005.11.24"]
[SourceVersion "1"]
[SourceVersionDate "2005.11.24"]
[SourceQuality "1"]

1. d4 Nf6 2. c4 g6 3. Nc3 d6 4. g3 Bg7 5. Bg2 0-0 6. Nf3 Nbd7 7. 0-0 c6 8. e4 e5 9. Re1 Qe7 10. b3 a5 11. Ba3 exd4 12. Nxd4 Nc5 13. h3 Ne8 14. Qd2 Nc7 15. Rad1 N7a6 16. Nc2 Be6 17. f4 Rfd8 18. Kh2 Qc7 19. Ne2 f6 20. Ned4 Bf7 21. Ne3 Qb6 22. Ndc2 Rd7 23. Bb2 Re8 24. Ng4 Qd8 25. Bc3 h5 26. Nf2 a4 27. b4 Ne6 28. c5 Nf8 29. cxd6 Bxa2 30. e5 Bb3 31. exf6 Rxe1 32. fxg7 Rxd1 33. gxf8Q+ Qxf8 34. Qxd1 Qxd6 35. Qc1 Nc7 36. Ne4 Qd3 37. Ne1 Qe2 38. Nf6+ Kf7 39. Nxd7 0-1

[Event "Aarhus-ch"]
[Site "Aarhus"]
[Date "1999.??.??"]
[Round "2"]
[White "Kristinsson, Baldur"]
[Black "Baekgaard, Martin"]
[Result "1-0"]
[WhiteElo "2205"]
[BlackElo "2068"]
[PlyCount "63"]
[EventDate "1999.??.??"]
[EventType "swiss"]
[EventRounds "7"]
[EventCountry "DEN"]
[SourceTitle "EXT 2001"]
[Source "ChessBase"]
[SourceDate "2000.11.22"]
[SourceVersion "1"]
[SourceVersionDate "2000.11.22"]
[SourceQuality "1"]

1. e4 d6 2. c4 Nf6 3. Nc3 Nbd7 4. d4 e5 5. Nf3 Be7 6. h3 c6 7. Be2 0-0 8. Be3 exd4 9. Nxd4 Nc5 10. Qc2 a5 11. 0-0 Re8 12. Rad1 Bf8 13. Bf3 Qe7 14. Rfe1 Nfd7 15. Bc1 Qf6 16. Be2 g6 17. Bf1 Ne6 18. Nxe6 Rxe6 19. b3 Bg7 20. Bb2 Ne5 21. c5 g5 22. Na4 g4 23. hxg4 Qh4 24. Re3 Rh6 25. Rh3 Qxg4 26. Be2 Qg6 27. Rxh6 Qxh6 28. Rxd6 Be6 29. Qd2 Qh4 30. f4 Ng4 31. Bxg4 Bxb2 32. Bxe6 1-0